|
|
|
|
| LEADER |
00000cas a2200000 a 4500 |
| 001 |
vtls008422322 |
| 003 |
SK-MaSNL |
| 005 |
20260228161035.0 |
| 008 |
090305d20002002xo wr|p 0 b0slo d |
| 022 |
|
|
|a 1335-6976
|
| 035 |
|
|
|a (SVKBB03)vtls000055974
|
| 040 |
|
|
|a SNK
|b slo
|c SNK
|e AACR2
|
| 041 |
0 |
|
|a slo
|
| 044 |
|
|
|a xo
|c SK
|
| 072 |
|
7 |
|a 316.7
|x Sociológia kultúry. Kultúrny život
|2 konspekt
|
| 080 |
|
|
|a 050
|2 2001
|
| 080 |
|
|
|a 316.7
|2 2001
|
| 080 |
|
|
|a 82
|2 2001
|
| 080 |
|
|
|a 008
|2 2001
|
| 080 |
|
|
|a 316.3
|2 2001
|
| 080 |
|
|
|a (051)
|2 2001
|
| 210 |
0 |
|
|a Kultúrny život
|
| 222 |
|
0 |
|a Kultúrny život
|
| 245 |
0 |
0 |
|a Kultúrny život
|b týždenník o kultúre, umení a spoločnosti
|
| 246 |
3 |
3 |
|a Kultúrny život (Bratislava : 2000)
|
| 260 |
|
|
|a Bratislava
|b Asociácia organizácií spisovateľov Slovenska
|c 2000-2002
|
| 300 |
|
|
|a 3 zv.
|b ilustr.
|c 48 cm
|
| 310 |
|
|
|a 1x týždenne
|
| 362 |
0 |
|
|a Roč. 1, č. 1 (2000)-roč. 3, č. 30 (2002)
|
| 500 |
|
|
|a Šéfredaktor: Ján Kamenistý
|
| 500 |
|
|
|a Nadväzuje na Kultúrny život, ktorý vychádzal v r. 1946-1968, 1990-1995
|
| 650 |
0 |
7 |
|a kultúra
|2 SNKPH
|9 886
|
| 650 |
0 |
7 |
|a literatúra
|2 SNKPH
|9 1427
|
| 650 |
0 |
7 |
|a spoločnosť
|2 SNKPH
|9 1013
|
| 650 |
0 |
7 |
|a umenie
|2 SNKPH
|9 1060
|
| 655 |
|
7 |
|a spoločenské časopisy
|2 SNKPH
|9 70515
|
| 700 |
1 |
|
|a Kamenistý, Ján,
|d 1941-
|4 pbd
|9 103266
|
| 780 |
0 |
0 |
|t Kultúrny život
|x 1338-015X
|w vtls008420019
|
| 910 |
|
|
|a snk
|
| 916 |
|
|
|a 2000-2002
|
| 999 |
|
|
|c 4160
|d 6090
|
| 952 |
|
|
|0 0
|1 0
|4 0
|7 0
|8 0
|a SNK
|b SNK
|d 2006-02-07
|f 1
|i snk2006/2475
|l 0
|o snkČSA 243/3/2002
|p 17A0488321
|r 2026-02-21 19:46:48
|t č. 1-30
|w 2026-02-21
|y PREZ
|z Prestali vydávať
|
| 952 |
|
|
|0 0
|1 0
|4 0
|7 0
|8 0
|a SNK
|b SNK
|d 2006-02-07
|i snk2006/2476
|l 0
|o snkČSA 243/3/2002 D1
|p 17A0488322
|r 2026-02-21 19:46:48
|t č. 1-30
|w 2026-02-21
|y PREZ
|z Prestali vydávať
|
| 952 |
|
|
|0 0
|1 0
|4 0
|7 0
|a SNK
|b SNK
|d 2008-08-26
|i snkČSP 1648/2003
|l 0
|o snkČSA 243/1/2000 D1
|p 17A0436557
|r 2026-02-21 20:28:54
|t č. 1-13
|w 2026-02-21
|y PREZ
|
| 952 |
|
|
|0 0
|1 0
|4 0
|7 0
|a SNK
|b SNK
|d 2008-08-26
|f 1
|i snkČSP 1647/2003
|l 0
|o snkČSA 243/1/2000
|p 17A0400500
|r 2026-02-21 21:03:34
|t č. 1-13
|w 2026-02-21
|y PREZ
|
| 952 |
|
|
|0 0
|1 0
|4 0
|7 0
|8 0
|a SNK
|b SNK
|d 2006-01-05
|f 1
|i snk2006/199
|l 0
|o snkČSA 243/2/2001
|p 17A0463993
|r 2026-02-21 21:20:28
|t č. 1-52
|w 2026-02-21
|y PREZ
|z č. 27-28, 29-30, 31-32, 33-34, 51-52 sú dvojčísla
|
| 952 |
|
|
|0 0
|1 0
|4 0
|7 0
|8 0
|a SNK
|b SNK
|d 2006-01-05
|i snk2006/201
|l 0
|o snkČSA 243/2/2001 D1
|p 17A1347935
|r 2026-02-21 21:20:28
|t č. 1-52
|w 2026-02-21
|y PREZ
|z Chýba č.11
|